Heavy Metal Band Logos #2 - Statistics

General Stats
  • This quiz has been taken 1,425 times
    1,405 since last reset
  • The average score is 19 of 30
Answer Stats
Picture Answer % Correct
Obituary
99%
Venom
97%
Skeletonwitch
90%
Cryptopsy
89%
Decapitated
89%
Mortician
89%
Suffocation
88%
Scour
87%
Moonsorrow
85%
Atheist
80%
Impaled Nazarene
76%
Belakor
75%
Stormlord
74%
Hypocrisy
73%
Arcturus
68%
Absu
58%
Job for a Cowboy
56%
Marduk
52%
Fleshgod Apocalypse
51%
Wolfchant
51%
Toxic Holocaust
42%
Amputated
40%
Watain
40%
Arkan
39%
Ingested
35%
Katalepsy
35%
Agalloch
28%
At the Gates
25%
Summoning
25%
Demilich
22%
No matching quizzes found
Score Distribution
Percent of People with Each Score
Percentile by Number Answered
Your Score History
You have not taken this quiz since the last reset